000 00743nam a2200133Ia 4500
008 220620s9999||||xx |||||||||||||| ||und||
022 _a16648714
100 _aAdelinda A. Candeias||Edgar Galindo||Miguel Ángel Carbonero||Heldemerina S. Pires
245 0 _aSchool Achievement and Failure in Portuguese and Spanish Speaking Countries
546 _aEnglish[eng]
650 _asocial emotional competence||school failure||academic achievement||early intervention||mathematics achievement||self-efficacy||social responsibility attitudes||reasoning skills.||SEL programs||school achievement
856 _uhttps://www.frontiersin.org/research-topics/4929/school-achievement-and-failure-in-portuguese-and-spanish-speaking-countries
942 _cEB
999 _c32460
_d32460